000 nam a22 7a 4500
999 _c9333
_d9333
008 180127b ||||| |||| 00| 0 eng d
100 _aBailey.R.
_92443
245 _aTeaching physical Education for Teachers
260 _aNew Delhi
_bKogan
_c2003